Kritériá atraktívnosti podniku pri posudzovaní žiadosti o investíciu rizikového kapitálu z pohľadu investora

Čo rozhoduje o atraktívnosti spoločnosti pre investora. Investori rizikového kapitálu zohľadňujú pri rozhodovaní o poskytnutí svojej investície podobné kritériá ako bankové inštitúcie, nakoľko sa však budú podieľať nielen na zisku, ale i na riziku, bude ich zaujímať najmä návratnosť investície. Podn...

Description complète

Enregistré dans:
Détails bibliographiques
Auteur principal: Strižencová, Michaela
Format: Chapitre de livre
Langue:slovaque
Sujets:
Tags: Ajouter un tag
Pas de tags, Soyez le premier à ajouter un tag!

MARC

LEADER 00000nla a2200000 4500
001 0213664
005 20240502073551.9
041 0 |a slo 
044 |a SK 
245 1 0 |a Kritériá atraktívnosti podniku pri posudzovaní žiadosti o investíciu rizikového kapitálu z pohľadu investora  |c Michaela Strižencová 
520 |a Čo rozhoduje o atraktívnosti spoločnosti pre investora. Investori rizikového kapitálu zohľadňujú pri rozhodovaní o poskytnutí svojej investície podobné kritériá ako bankové inštitúcie, nakoľko sa však budú podieľať nielen na zisku, ale i na riziku, bude ich zaujímať najmä návratnosť investície. Podnikateľský plán a jeho požadované časti. Analýza due diligence. 
610 2 0 |a podnikatelia 
610 2 0 |a podnik 
610 2 0 |a investori 
610 2 0 |a investovanie 
610 2 0 |a kapitál rizikový 
610 2 0 |a plán podnikateľský 
100 1 |a Strižencová, Michaela